Trvalo udržateľné zmeny vo funkcii manažmentu plánovanie spôsobené pandémiou Covid-19 diplomová práca

Na minha lista:
Detalhes bibliográficos
Autor principal: Pankiewicz, Jozef
Autor Corporativo: Fakulta podnikového manažmentu EU. Katedra manažmentu
Outros Autores: Mišún, Juraj, 1978-
Formato: Livro
Idioma:eslovaco
Publicado em: Bratislava 2024
Tags: Adicionar Tag
Sem tags, seja o primeiro a adicionar uma tag!

MARC

LEADER 00000nbm a2200000 4500
001 0300955
005 20250211130203.9
041 0 |a slo 
044 |a SK 
245 1 0 |a Trvalo udržateľné zmeny vo funkcii manažmentu plánovanie spôsobené pandémiou Covid-19  |b diplomová práca  |c Jozef Pankiewicz ; školiteľ: Juraj Mišún 
264 1 |a Bratislava  |c 2024 
300 |a 61 s. 
100 1 |a Pankiewicz, Jozef 
700 1 |a Mišún, Juraj, 1978- 
710 2 |a Fakulta podnikového manažmentu EU. Katedra manažmentu